| 000 | 00861nam a22002657a 4500 | ||
|---|---|---|---|
| 003 | OSt | ||
| 005 | 20180928083122.0 | ||
| 008 | 180220b xxu||||| |||| 00| 0 spa d | ||
| 020 | _a9505083300 | ||
| 040 | _cPJ | ||
| 100 |
_92035 _aSalgado, Alí Joaquín |
||
| 245 | 1 | 0 |
_aDerecho procesal civil : _bmétodos de casos / _cAlí Joaquín Salgado; colaborador Alejandro C. Verdaguer. |
| 260 |
_aBuenos Aires : _cAstrea, _b1993. |
||
| 300 |
_axxvi, 299 p. _c20 cm. |
||
| 504 | _aBibliografía: p. 297-299. | ||
| 650 | 0 |
_91148 _aDERECHO PROCESAL CIVIL |
|
| 650 | 0 |
_91953 _aPROCEDIMIENTO CIVIL |
|
| 650 | 0 |
_92404 _aDEMANDA |
|
| 650 | 0 |
_91955 _aRECURSOS |
|
| 650 | 0 |
_92150 _aACTOS Y DILIGENCIAS PROCESALES |
|
| 650 | 0 |
_91975 _aPRUEBA |
|
| 650 | 0 |
_91935 _aCADUCIDAD DE INSTANCIA |
|
| 650 | 0 |
_92021 _aJUICIO EJECUTIVO |
|
| 942 |
_2udc _cLIB _h347.91./.95 _iSAL |
||
| 999 |
_c1588 _d1588 |
||